| 000 | 01008 a2200265 4500 | ||
|---|---|---|---|
| 005 | 20180622113030.0 | ||
| 008 | 161213s2007 ck d|||fr|||| 000 0 spa d | ||
| 020 | _a9789589481967 (3a.Ed.) | ||
| 040 |
_aCO-BoUCM _bspa _cSaul Niño _dSaul Niño |
||
| 041 | 0 | _aspa | |
| 060 | _aQV 350 | ||
| 245 | 0 | 0 |
_aAntimicrobianos _bguía práctica, manual para uso de antibióticos _ceditores, Pío López López, Ernesto Martínez Buitrago, Yolanda Caicedo |
| 250 | _aTercera edición | ||
| 260 |
_aCali (Colombia) _bCatorse _c2007 |
||
| 300 |
_a147 páginas _bgráficas |
||
| 650 | 7 |
_97275 _aAntibióticos _xUso terapéutico _vManuales |
|
| 650 | 7 |
_9240 _aInfección _xTratamiento _vManuales |
|
| 650 | 7 |
_926311 _aVirus |
|
| 690 | 0 |
_aMedicina general _919160 |
|
| 650 | 7 |
_917562 _aInfectología _vManuales |
|
| 700 | 1 |
_aLópez López, Pío _eeditor _983031 |
|
| 700 | 1 |
_aMartínez Buitrago, Ernesto _eeditor _983032 |
|
| 700 | 1 |
_aCaicedo, Yolanda _eeditor _983033 |
|
| 942 |
_cLIBRO _2NLM _a15 _e3 _hQV 350 _mA631 _n0 |
||
| 999 |
_c305685 _d305685 |
||